| 000 | 01829nam a2200529 i 4500 | ||
|---|---|---|---|
| 001 | 33773 | ||
| 003 | KOSZ 005 | ||
| 005 | 20210624090404.0 | ||
| 008 | 000825s1998 pl a f f |001 0 eng | ||
| 015 | _aPB 2000/15884 | ||
| 020 | _a8301126620 | ||
| 035 | _a991014571649705066 | ||
| 035 | _a(PL-WaBN)b13917663-48omnis_nlop | ||
| 035 | _ab13917663 | ||
| 035 | _a(OCoLC)830296533 | ||
| 035 | _a(PL)b0000001391766 | ||
| 035 | _a(EXLNZ-48OMNIS_NETWORK)9910306435505606 | ||
| 040 |
_aWA N _cWA N _dKOSZ 005/HR |
||
| 041 | 1 |
_apol _heng _hdut |
|
| 046 | _k1996 | ||
| 080 | _a528.9 | ||
| 080 | _a(075.8) | ||
| 100 | 1 |
_aKraak, M. J. _eAutor |
|
| 245 | 1 | 0 |
_aKartografia : _bwizualizacja danych przestrzennych / _cMenno-Jan Kraak, Ferjan Ormeling ; tł. Wiesława Żyszkowska. |
| 246 | 1 |
_iTyt. tł.: _aCartography : _bvisualisation of spatial data, _f1996 |
|
| 260 |
_aWarszawa : _bWydaw. Naukowe PWN, _c1998. |
||
| 300 |
_a274, [2] s., [8] s. tabl. kolor. : _bil., mapy ; _c24 cm. |
||
| 336 |
_2rdacontent _aTekst _btxt |
||
| 337 |
_2rdamedia _aBez urządzenia pośredniczącego _bn |
||
| 338 |
_2rdacarrier _aWolumin _bnc |
||
| 380 | _aKsiążki | ||
| 380 | _aPublikacje dydaktyczne | ||
| 385 |
_mPoziom nauczania _aSzkoły wyższe |
||
| 388 | _a1901-2000 | ||
| 388 | _a1989-2000 | ||
| 500 | _aOryg. hol. | ||
| 504 | _aBibliogr. - Indeks. | ||
| 650 | 7 |
_aKartografia _2DBN |
|
| 655 | 7 |
_aPodręczniki akademickie _2DBN |
|
| 658 | _aGeografia i nauki o Ziemi | ||
| 700 | 1 |
_aOrmeling, F. J. _d(1942- ) _eAutor |
|
| 700 | 1 |
_aŻyszkowska, Wiesława _d(1940- ) _eTłumaczenie |
|
| 710 | 2 |
_aWydawnictwo Naukowe PWN _4pbl |
|
| 856 |
_uhttp://koha.tu.koszalin.pl/cgi-bin/koha/opac-detail.pl?biblionumber=33773 _yKatalog online BPK |
||
| 942 |
_2UKD _cKS |
||
| 999 |
_c33773 _d33773 |
||